| Tag |
First Indicator |
Second Indicator |
Subfields |
| LEADER |
00000cam a2200000 a 4500 |
| 001 |
in00001397607 |
| 005 |
20151020051825.0 |
| 008 |
820506s1970 pl 000 0 pol d |
| 035 |
|
|
|a (OCoLC)08403937
|
| 035 |
|
|
|9 AHM1128AM
|
| 040 |
|
|
|a SJP
|c SJP
|d IXA
|d UtOrBLW
|
| 049 |
|
|
|a TXAM
|
| 090 |
|
|
|a PG7158.K75
|b B7 1970
|
| 100 |
1 |
|
|a Kraszewski, Józef Ignacy,
|d 1812-1887.
|
| 245 |
1 |
0 |
|a Brühl :
|b powieść historyczna z XVIII wieku /
|c Józef Ignacy Kraszewski.
|
| 264 |
|
1 |
|a Warszawa :
|b Ludowa Spółdzielnia Wydawn,
|c 1970.
|
| 300 |
|
|
|a 307 pages :
|b illustrations portraits ;
|c 22 cm.
|
| 336 |
|
|
|a text
|b txt
|2 rdacontent
|
| 337 |
|
|
|a unmediated
|b n
|2 rdamedia
|
| 338 |
|
|
|a volume
|b nc
|2 rdacarrier
|
| 541 |
0 |
|
|a Donated by Drs. Francis and Marianna Masin, 1997.
|
| 600 |
1 |
0 |
|a Brühl, Heinrich,
|c Graf von,
|d 1700-1763
|x Fiction.
|
| 999 |
|
|
|a MARS
|
| 999 |
f |
f |
|s c45b3e59-b9b8-3dd5-a231-9ab8ac066d03
|i db558105-3461-317a-96da-28466e4b54b0
|t 0
|
| 952 |
f |
f |
|p ric
|a Texas A&M University
|b Rellis Campus
|c Joint Library Facility
|d Remote Storage
|t 0
|e PG7158.K75 B7 1970
|h Library of Congress classification
|i unmediated -- volume
|m A14821647911
|
| 998 |
f |
f |
|a PG7158.K75 B7 1970
|t 0
|l Remote Storage
|